Microprocessor architecture, programming and applications with 8085/8080A (Record no. 201970)

MARC details
000 -LEADER
fixed length control field 00474nam a2200169Ia 4500
008 - FIXED-LENGTH DATA ELEMENTS--GENERAL INFORMATION
fixed length control field 231221s9999 xx 000 0 und d
041 ## - LANGUAGE CODE
Language code of text/sound track or separate title English
082 ## - DEWEY DECIMAL CLASSIFICATION NUMBER
Classification number 001.6404 GAO
100 ## - MAIN ENTRY--PERSONAL NAME
Personal name Gaonkar, Ramesh S
245 #0 - TITLE STATEMENT
Title Microprocessor architecture, programming and applications with 8085/8080A
250 ## - EDITION STATEMENT
Edition statement 5th ed.
260 ## - PUBLICATION, DISTRIBUTION, ETC.
Date of publication, distribution, etc. 1989
Name of publisher, distributor, etc. Penram,
Place of publication, distribution, etc. India
300 ## - PHYSICAL DESCRIPTION
Extent x+820
300 ## - PHYSICAL DESCRIPTION
Dimensions FP352
650 ## - SUBJECT ADDED ENTRY--TOPICAL TERM
Topical term or geographic name entry element Microprocessor,architecture,,programming,8085
942 ## - ADDED ENTRY ELEMENTS (KOHA)
Koha item type College Library
Holdings
Date last seen Total checkouts Full call number Accession number Cost, total (INR) price Price effective from Category Lost status Damaged status Department Withdrawn status Home library Current library Shelving location Entry date Vendor Cost, normal purchase price Grants Billnumber Billdate Currency symbol Conversion rate Discount Old discount
26/01/2024   001.6404 GAO BC199 248.00 26/01/2024 College Library     BCA   Central Library Central Library BCA   Sapna Book House 310.00 BCA 26074 10/08/2009 RS 1 62 20
26/01/2024   001.6404 GAO; CD1879   26/01/2024 Compact Disks         Central Library Central Library     Sai Books   SE/EC 246 06/10/2009 RS 1   20
26/01/2024   001.6404 GAO; CD1880   26/01/2024 Compact Disks         Central Library Central Library     Sai Books   SE/EC 246 06/10/2009 RS 1   20
26/01/2024   001.6404 GAO; CD1881   26/01/2024 Compact Disks         Central Library Central Library     Sai Books   SE/EC 246 06/10/2009 RS 1   20
26/01/2024   001.6404 GAO; CD1882   26/01/2024 Compact Disks         Central Library Central Library     Sai Books   SE/EC 246 06/10/2009 RS 1   20
26/01/2024   001.6404 GAO; CD1883   26/01/2024 Compact Disks         Central Library Central Library     Sai Books   SE/EC 246 06/10/2009 RS 1   20
26/01/2024   001.6404 GAO FP352   26/01/2024 Floppies     BCA   Central Library Central Library BCA   Sapna Book House   BCA 26074 21/06/2010 RS 1   20

© For any Suggestions or Query, please contact the library staff @ librarian@pes.edu or Phone: +9180 2672 1983/ 2108.